Secure Internet programming : security issues for mobile and distributed objects
Αποθηκεύτηκε σε:
| Άλλοι συγγραφείς: | , |
|---|---|
| Μορφή: | Βιβλίο |
| Γλώσσα: | English |
| Δημοσίευση: |
Berlin :
Springer,
c1999.
|
| Σειρά: | Lecture notes in computer science ;
1603 |
| Θέματα: | |
| Ετικέτες: |
Προσθήκη ετικέτας
Δεν υπάρχουν, Καταχωρήστε ετικέτα πρώτοι!
|
MARC
| LEADER | 00000cam a2200000 i 4500 | ||
|---|---|---|---|
| 001 | 1/44442 | ||
| 008 | 031105s1999 gw ||| | eng|| | ||
| 020 | |a 3540661301 | ||
| 035 | |l 10071548 | ||
| 040 | |a GR-MyUA |b gre |e AACR2 | ||
| 041 | 0 | |a eng | |
| 082 | 0 | |a 005.8 | |
| 245 | 1 | 0 | |a Secure Internet programming : |b security issues for mobile and distributed objects / |c Jan Vitek, Christian D. Jensen (eds.). |
| 260 | |a Berlin : |b Springer, |c c1999. | ||
| 300 | |a x, 501 σ. : |b εικ. ; |c 24 εκ. | ||
| 490 | 1 | |a (Lecture notes in comuter science |v ; 1603) | |
| 504 | |a Περιέχει βιβλιογραφικές αναφορές και ευρετήριο. | ||
| 650 | 0 | 0 | |a Internet programming. |
| 650 | 0 | 0 | |a Computer security. |
| 650 | 0 | 0 | |a Mobile computing. |
| 650 | 0 | 0 | |a Electronic data processing |x Distributed processing. |
| 700 | 1 | |a Vitek, Jan, |e edt | |
| 700 | 1 | |a Jensen, Christian D. |e edt | |
| 830 | 0 | |a Lecture notes in computer science ; |v 1603 | |
| 852 | |a INST |b SAMOS |e 20031105 |h 005.8 SEC |p 005300023723 |q 005300023723 |t BK |y 0 | ||
| 901 | |a BIBL3-2003-3 | ||
| 909 | |a Σ |b 099313 | ||
| 922 | |a 3ΕΛΗ |b 200002 |c ΤΠΕΣ/ΠΟΛ |d LEADER | ||
| 970 | |a ΠΟΥΡΝΑΡΑΣ |b ΔΗΜΗΤΡΗΣ |z 2003/11/05 | ||